00655 2200229 4500001002100000005001500021035002000036007000300056008004100059020001800100082001200118084001800130100002100148245008300169250001800252260002600270300003900296650003500335700002500370505001300395990001700408INLIS00000000000999920260511112356 a0010-0526000028ta260511 g 0 ind  a979-448-659-0 a616.075 a616.075 RON t0 aRonald A. Sacher1 aTinjauan Klinis Hasil Pemeriksaan Laboratorium :bEdisi 11 /cRonald A. Sacher a11, Cet. Ke-1 aJakarta :bEGC,c2004 aix, 705 hlm :bilus. ;c21 x 27 cm 4aHasil Pemeriksaan Laboratorium0 aRichard A. McPherson ahlm. 705 a202500223292